TOP 30 Harry Potter Charaktere - Statistiken

Allgemein
  • Dieses Quiz wurde 1.098 mal gespielt
    628 seit der letzten Aktualisierung
  • Das Durchschnittsergebnis liegt bei 7 aus 30
Answers on the Grid
Answers color-coded by a green-red scale on the quiz's grid according to % correct below.
Ron Weasley
Hermine Granger
Albus Dumbledore
Rubeus Hagrid
Severus Snape
Voldemort
Sirius Black
Draco Malfoy
Fred Weasley
Remus Lupin
George Weasley
Neville Longbottom
Arthur Weasley
Ginny Weasley
Prof. McGonagall
Molly Weasley
Dolores Umbridge
Alastor "Mad-Eye" Moody
Vernon Dursley
Cornelius Fudge
Peter Pettigrew*
Dobby
Dudley Dursley
Horace Slughorn
Percy Weasley
Luna Lovegood
Cedric Diggory
Petunia Dursley
Kreacher
Bill Weasley
Hedwig
Krummbein
Peeves
James Potter
Lily Potter
Sybill Trelawney
Gilderoy Lockhart
Filius Flitwick
Quirinus Quirrell
Barty Crouch Sr.
Barty Crouch Jr.
Argus Filch
Viktor Krum
Gregory Goyle
Fleur Delacour
Lucius Malfoy
Vincent Crabbe
Ludo Bagman
Bellatrix Lestrange
Dean Thomas
Nymphadora Tonks
Cho Chang
Oliver Wood
Seamus Finnigan
Igor Karkaroff
 
Antwortstatistiken
Antwort % Korrekt
Ron Weasley
42%
Draco Malfoy
40%
Hermine Granger
40%
Sirius Black
40%
Voldemort
40%
Severus Snape
37%
Albus Dumbledore
36%
Ginny Weasley
34%
Rubeus Hagrid
33%
Neville Longbottom
31%
Prof. McGonagall
31%
Remus Lupin
30%
Fred Weasley
27%
Dobby
26%
George Weasley
23%
Luna Lovegood
21%
Arthur Weasley
19%
Molly Weasley
18%
Peter Pettigrew*
17%
Dolores Umbridge
15%
Vernon Dursley
14%
Dudley Dursley
12%
Cedric Diggory
9%
Percy Weasley
8%
Alastor "Mad-Eye" Moody
7%
Petunia Dursley
6%
Cornelius Fudge
5%
Horace Slughorn
5%
Bill Weasley
4%
Kreacher
0%
Keine übereinstimmenden Quizze gefunden
Verteilung der Resultate
Anzahl Personen mit jedem Resultat
Perzentil nach korrekt beantworteten Fragen
Ihre Resultats-Entwicklung
Sie haben dieses Quiz seit der letzten Aktualisierung nicht gespielt